00830 2200313 4500001002100000005001500021035002000036007000300056040001700059100002500076245004900101250001300150300003600163504002500199020001800224041000800242082000800250084001400258090001800272264004700290336002100337337003000358338002300388650001200411850001000423008004100433990002100474990002100495INLIS00000000000501220260515074925 a0010-0222000102ta aSPPUPADbind0 aLaode IdaePengarang1 aAnatomi Konflik :bNU, Elit Islam dan Negara a.-Cet. 1 aix, 175 hal. :billus. ;c21 cm abibliografi, hlm 167 a979-416-370-80 aind a324 a324 IDA a a413 KOM k 2 6 a.--Jakarta :bPustaka Sinar Harapan,c1996 2rdacontentaTeks 2rdamediaaTanpa Perantara 2rdacarrieraVolume 4aAnatomi aPUPAD260515 0  a00597/ARPUS/2005 a00597/ARPUS/2005